|
|
|
|
| LEADER |
00625nab a2200181 i 4500 |
| 001 |
publ6087 |
| 005 |
20180815093543.0 |
| 008 |
160124s1999 hu o 0|| zxx d |
| 022 |
|
|
|a 1215-5233
|
| 024 |
7 |
|
|a 1152644
|2 mtmt
|
| 040 |
|
|
|a SZTE Publicatio Repozitórium
|b hun
|
| 041 |
|
|
|a zxx
|
| 100 |
1 |
|
|a Csapó Benő
|
| 245 |
1 |
0 |
|a Természettudományos nevelés
|h [elektronikus dokumentum] :
|b híd a tudomány és a nevelés között /
|c Csapó Benő
|
| 260 |
|
|
|c 1999
|
| 300 |
|
|
|a 5-17
|
| 490 |
0 |
|
|a ISKOLAKULTÚRA
|v 9 No. 10
|
| 856 |
4 |
0 |
|u http://publicatio.bibl.u-szeged.hu/6087/1/1999_Csapo_TermeszettudomanyosNeveles.pdf
|z Dokumentum-elérés
|